| 000 | 00776cam a22002653a 4500 | ||
|---|---|---|---|
| 001 | 2822 | ||
| 003 | PGUSA | ||
| 005 | 20140828083022.0 | ||
| 008 | 010901s2001||||xxu|||||s|||||000 | eng d | ||
| 040 |
_aPGUSA _beng |
||
| 042 | _adc | ||
| 050 | 4 | _aDA | |
| 100 | 1 | _aGonzales, Manoel, Don | |
| 245 | 1 | 0 |
_aLondon in 1731 _h[electronic resource] / _cManoel, Don Gonzales |
| 260 |
_bProject Gutenberg, _c2001 |
||
| 500 | _aAttributed to Defoe. | ||
| 506 | _aPublic domain in the USA. | ||
| 516 | _aElectronic text | ||
| 653 | _aLondon (England) -- Description and travel | ||
| 653 | _aLondon (England) -- History -- 18th century | ||
| 700 | 1 |
_aDefoe, Daniel, _d-1731 |
|
| 830 | 0 |
_aProject Gutenberg _v2822 |
|
| 856 | 4 | 0 | _uhttp://www.gutenberg.org/ebooks/2822 |
| 942 | _cEB | ||
| 999 |
_c232154 _d232154 |
||